000 00328nam a22001457a 4500
020 _a78-81-763-80591
082 _a894.812
_bLAL/B
100 _aLAL, SOHAN
245 _aP.BHASKARAN
260 _aTHIRUVANANTHAPURAM
_bTHE STATE INSTITUTE OF LANGUAGES
_c2011
300 _a40
520 _aNOVEL
650 _aNOVEL
942 _cBK
999 _c5522
_d5522